000 01631nam a2200517 i 4500
001 38597
003 KOSZ 005
005 20220308112414.0
008 000705s2000 pl a |001 0 pol
015 _aUWD 2000/12701
020 _a8301131683
035 _a991014227729705066
035 _a(PL-WaBN)b13822378-48omnis_nlop
035 _ab13822378
035 _a(OCoLC)749470432
035 _azz2006767591
035 _a(PL)b0000001382237
035 _a(EXLNZ-48OMNIS_NETWORK)9910255729505606
040 _aWA N
_cWA N
_dKOSZ 005/HR
041 0 _apol
046 _k2000
080 _a593/595(438:28)
080 _a(083.44)
100 1 _aRybak, Jan Igor
_d(1934-2014)
_eAutor
245 1 0 _aBezkręgowe zwierzęta słodkowodne :
_bprzewodnik do rozpoznawania /
_cJan Igor Rybak.
250 _aWyd. nowe (2 popr. i uzup.).
260 _aWarszawa :
_bWydaw. Naukowe PWN,
_c2000.
300 _a84, [4] s. :
_bil. ;
_c24 cm.
336 _aTekst
_btxt
_2rdacontent
337 _aBez urządzenia pośredniczącego
_bn
_2rdamedia
338 _aWolumin
_bnc
_2rdacarrier
380 _aKsiążki
380 _aPublikacje fachowe
388 _a1901-2000
388 _a1989-2000
504 _aBibliogr. - Indeks.
650 7 _aBezkręgowce
_2DBN
650 7 _aZwierzęta słodkowodne
_2DBN
650 7 _aSystematyka
651 _aPolska
658 _aBiologia
710 2 _aWydawnictwo Naukowe PWN
_4pbl
856 _uhttp://koha.tu.koszalin.pl/cgi-bin/koha/opac-detail.pl?biblionumber=38597
_yKatalog online BPK
942 _2UKD
_cKS
999 _c38597
_d38597